000 00253nam a2200097Ia 4500
008 190216s9999||||xx |||||||||||||| ||und||
100 _aEmanual Parzen
245 0 _aModern Probability Teory And Its Application
260 _bWiley Eastern Ltd
942 _cBK
999 _c30685
_d30685